[Event "Mittelfranken-chTB1 1314"]
[Site "Mittelfranken"]
[Date "2014.01.12"]
[Round "4.3"]
[White "Suess, Stefan"]
[Black "Naegelein, Andreas"]
[Result "0-1"]
[WhiteElo "2047"]
[BlackElo "1987"]
[PlyCount "76"]
[EventDate "2013.10.20"]
[EventType "team-tourn"]
[EventRounds "9"]
[EventCountry "GER"]
[SourceTitle "EXT 2020"]
[Source "ChessBase"]
[SourceDate "2019.10.17"]
[SourceVersion "1"]
[SourceVersionDate "2019.10.17"]
[SourceQuality "1"]
[WhiteTeam "Nuernberg NT III"]
[BlackTeam "Postbauer Heng"]
[WhiteTeamCountry "GER"]
[BlackTeamCountry "GER"]

1. d4 g6 2. c4 Bg7 3. Nc3 d6 4. e4 Nc6 5. Be3 e5 6. d5 Nce7 7. c5 f5 8. exf5 Nxf5 9. Bb5+ Bd7 10. cxd6 Nxe3 11. Bxd7+ Qxd7 12. fxe3 cxd6 13. Nh3 Bh6 14. Qf3 0-0-0 15. 0-0 Ne7 16. Rfc1 Kb8 17. Nf2 Nf5 18. Ng4 Bg5 19. Ne4 Qe7 20. Rc3 h5 21. Ngf2 Rc8 22. Nxg5 Qxg5 23. Ne4 Qe7 24. Rac1 Rhf8 25. Rxc8+ Rxc8 26. Rxc8+ Kxc8 27. g4 hxg4 28. Qxg4 Qc7 29. Qe2 Qc1+ 30. Kf2 Qh1 31. Qc4+ Kd8 32. Ke2 Qxh2+ 33. Nf2 Qg2 34. Ke1 Nxe3 35. Qe2 Nf5 36. Qd2 Nd4 37. Qa5+ b6 38. Qxa7 Qg1+ 0-1

[Event "Mittelfranken-chTB1 1112"]
[Site "Germany"]
[Date "2012.03.11"]
[Round "8.3"]
[White "Naegelein, Andreas"]
[Black "Walter, Markus"]
[Result "1/2-1/2"]
[WhiteElo "1940"]
[BlackElo "1946"]
[PlyCount "25"]
[EventDate "2011.09.25"]
[EventType "team-tourn"]
[EventRounds "9"]
[EventCountry "GER"]
[SourceTitle "EXT 2018"]
[Source "ChessBase"]
[SourceDate "2017.10.13"]
[SourceVersion "1"]
[SourceVersionDate "2017.10.13"]
[SourceQuality "1"]
[WhiteTeam "Postbauer Heng"]
[BlackTeam "Nuernberg SK 1911"]
[WhiteTeamCountry "GER"]
[BlackTeamCountry "GER"]

1. d4 c6 2. Nf3 d5 3. Bf4 Nf6 4. e3 e6 5. Bd3 Bd6 6. Bxd6 Qxd6 7. Nbd2 Nbd7 8. 0-0 0-0 9. c3 e5 10. dxe5 Nxe5 11. Nxe5 Qxe5 12. Nf3 Qh5 13. Nd4 1/2-1/2

[Event "Mittelfranken-chTB1 1112"]
[Site "Germany"]
[Date "2012.02.05"]
[Round "6.2"]
[White "Vasilache, Catalin"]
[Black "Naegelein, Andreas"]
[Result "1-0"]
[WhiteElo "1963"]
[BlackElo "1940"]
[PlyCount "73"]
[EventDate "2011.09.25"]
[EventType "team-tourn"]
[EventRounds "9"]
[EventCountry "GER"]
[SourceTitle "EXT 2013"]
[Source "ChessBase"]
[SourceDate "2012.11.22"]
[SourceVersion "1"]
[SourceVersionDate "2012.11.22"]
[SourceQuality "1"]
[WhiteTeam "Buechenbach/Roth"]
[BlackTeam "Heng Postbauer"]
[WhiteTeamCountry "GER"]
[BlackTeamCountry "GER"]

1. d4 g6 2. Nf3 Bg7 3. g3 d6 4. Bg2 Nc6 5. 0-0 e5 6. dxe5 dxe5 7. Qxd8+ Nxd8 8. e4 Be6 9. Be3 Ne7 10. Rd1 b6 11. Nc3 c6 12. a4 Nb7 13. Bf1 f6 14. b4 Nc8 15. a5 b5 16. a6 Nbd6 17. Nd2 Bf8 18. Nb3 Nb6 19. Na5 Bd7 20. Bxb6 axb6 21. Nb7 Nc8 22. Rdb1 Be7 23. Nd1 Kf7 24. c4 bxc4 25. Bxc4+ Be6 26. Bxe6+ Kxe6 27. b5 c5 28. Nc3 Ra7 29. Nd5 Bd8 30. Rd1 f5 31. f3 fxe4 32. fxe4 Rf8 33. Rf1 Rxf1+ 34. Rxf1 Be7 35. Rd1 Bg5 36. Kf2 Bd8 37. Nxd8+ 1-0

[Event "Mittelfranken-chTB1 1112"]
[Site "Germany"]
[Date "2012.01.15"]
[Round "5.4"]
[White "Obsieger, Hendrik"]
[Black "Naegelein, Andreas"]
[Result "1/2-1/2"]
[WhiteElo "1869"]
[BlackElo "1940"]
[PlyCount "66"]
[EventDate "2011.09.25"]
[EventType "team-tourn"]
[EventRounds "9"]
[EventCountry "GER"]
[SourceTitle "EXT 2013"]
[Source "ChessBase"]
[SourceDate "2012.11.22"]
[SourceVersion "1"]
[SourceVersionDate "2012.11.22"]
[SourceQuality "1"]
[WhiteTeam "Erlangen SC II"]
[BlackTeam "Heng Postbauer"]
[WhiteTeamCountry "GER"]
[BlackTeamCountry "GER"]

1. e4 g6 2. d4 Bg7 3. c4 d6 4. Nc3 Nc6 5. d5 Nd4 6. Be3 c5 7. dxc6 Nxc6 8. Qd2 Nf6 9. Bh6 0-0 10. Bxg7 Kxg7 11. Nf3 Bg4 12. Be2 a6 13. 0-0 Qc7 14. b3 Ne5 15. Nxe5 dxe5 16. Bxg4 Nxg4 17. Nd5 Qd6 18. Qe2 Nf6 19. Rad1 Rfd8 20. Nxf6 Qxf6 21. Rxd8 Rxd8 22. Rd1 Rd4 23. c5 Qc6 24. Rxd4 exd4 25. Qc2 e5 26. f3 Qf6 27. Qd2 h6 28. h3 Qg5 29. Qxg5 hxg5 30. b4 Kf8 31. a4 Ke7 32. Kf2 Kd7 33. b5 Kc7 1/2-1/2

[Event "Mittelfranken-chTB1 1112"]
[Site "Germany"]
[Date "2011.11.20"]
[Round "3.3"]
[White "Naegelein, Andreas"]
[Black "Lenz, Harald"]
[Result "1/2-1/2"]
[WhiteElo "1940"]
[BlackElo "1795"]
[PlyCount "41"]
[EventDate "2011.09.25"]
[EventType "team-tourn"]
[EventRounds "9"]
[EventCountry "GER"]
[SourceTitle "EXT 2013"]
[Source "ChessBase"]
[SourceDate "2012.11.22"]
[SourceVersion "1"]
[SourceVersionDate "2012.11.22"]
[SourceQuality "1"]
[WhiteTeam "Heng Postbauer"]
[BlackTeam "Nuernberg NT IV"]
[WhiteTeamCountry "GER"]
[BlackTeamCountry "GER"]

1. d4 d5 2. Nf3 Nf6 3. Bg5 e6 4. e3 Be7 5. Bd3 Nbd7 6. Nbd2 c5 7. c3 0-0 8. 0-0 b6 9. Re1 Bb7 10. e4 dxe4 11. Nxe4 Nxe4 12. Bxe7 Qxe7 13. Bxe4 Bxe4 14. Rxe4 Nf6 15. Rh4 Rfd8 16. Qc2 h6 17. Re1 cxd4 18. Nxd4 Qd6 19. Qe2 Qc5 20. Qf3 Qd5 21. Qxd5 1/2-1/2

[Event "Mittelfranken-chTB1 1011"]
[Site "Germany"]
[Date "2010.11.21"]
[Round "3.5"]
[White "Naegelein, Andreas"]
[Black "Margraf, Matthias"]
[Result "1/2-1/2"]
[WhiteElo "1961"]
[BlackElo "1994"]
[PlyCount "68"]
[EventDate "2010.09.26"]
[EventType "team-tourn"]
[EventRounds "9"]
[EventCountry "GER"]
[SourceTitle "EXT 2012"]
[Source "ChessBase"]
[SourceDate "2011.11.24"]
[SourceVersion "1"]
[SourceVersionDate "2011.11.24"]
[SourceQuality "1"]
[WhiteTeam "Postbauer Heng"]
[BlackTeam "Buechenbach/Roth"]
[WhiteTeamCountry "GER"]
[BlackTeamCountry "GER"]

1. d4 d5 2. Nf3 e6 3. Bf4 Nf6 4. e3 Be7 5. c3 0-0 6. Bd3 b6 7. Nbd2 c5 8. 0-0 Ba6 9. Bxa6 Nxa6 10. Qe2 Nc7 11. Ne5 Ne4 12. Nc6 Qd7 13. Nxe7+ Qxe7 14. Nxe4 dxe4 15. Bxc7 Qxc7 16. Qc4 Qc6 17. dxc5 bxc5 18. Rfd1 Rfd8 19. b4 Qa4 20. Rxd8+ Rxd8 21. h3 cxb4 22. cxb4 a5 23. Qc7 Ra8 24. Qb7 axb4 25. Rc1 Rd8 26. Rc8 Qd1+ 27. Kh2 Qd6+ 28. g3 Rxc8 29. Qxc8+ Qf8 30. Qc6 g6 31. Qxe4 Qc5 32. Kg2 Qc3 33. Kf3 Qa3 34. Qc4 Qb2 1/2-1/2

[Event "Mittelfranken-chTB1 0910"]
[Site "Mittelfranken"]
[Date "2010.04.18"]
[Round "9.8"]
[White "Naegelein, Andreas"]
[Black "Narr, Irmgard"]
[Result "1-0"]
[WhiteElo "1919"]
[BlackElo "1524"]
[PlyCount "133"]
[EventDate "2009.10.11"]
[EventType "team-tourn"]
[EventRounds "9"]
[EventCountry "GER"]
[SourceTitle "EXT 2011"]
[Source "ChessBase"]
[SourceDate "2010.11.26"]
[SourceVersion "1"]
[SourceVersionDate "2010.11.26"]
[SourceQuality "1"]
[WhiteTeam "Postbauer Heng"]
[BlackTeam "Muehlhof/Mfr"]
[WhiteTeamCountry "GER"]
[BlackTeamCountry "GER"]

1. d4 Nf6 2. Bg5 e6 3. Nf3 Be7 4. e3 b6 5. Bd3 Bb7 6. Nbd2 d6 7. c3 Nbd7 8. 0-0 0-0 9. Re1 Re8 10. Qc2 Nf8 11. e4 a5 12. Bxf6 Bxf6 13. e5 dxe5 14. Nxe5 Bxe5 15. Rxe5 Ba6 16. Be4 Rb8 17. Re1 Bb7 18. Re3 Bxe4 19. Nxe4 Ng6 20. Rh5 h6 21. Nd2 c6 22. Nf3 Nf4 23. Rhe5 Ng6 24. R5e4 Rc8 25. Ne5 Nxe5 26. Rxe5 Qd6 27. Qe4 Qd7 28. Qg4 Kh7 29. Qe4+ Kg8 30. g4 Qe7 31. f4 Qf6 32. Kg2 c5 33. d5 Rcd8 34. f5 Rf8 35. dxe6 Rd2+ 36. Re2 Rxe2+ 37. Qxe2 fxe6 38. Rxe6 Qg5 39. Rxb6 Kh8 40. Rd6 Qf4 41. Rd5 Qc7 42. Qe5 Qb7 43. c4 a4 44. Kg3 Rc8 45. f6 gxf6 46. Qxf6+ Qg7 47. Qxg7+ Kxg7 48. b3 axb3 49. axb3 Kg6 50. Rd6+ Kg7 51. Rb6 Rc7 52. h4 Kh7 53. g5 hxg5 54. hxg5 Kg7 55. Kf4 Rf7+ 56. Ke5 Rd7 57. Rb5 Kg6 58. Rxc5 Rb7 59. Rb5 Rc7 60. Kd6 Rc8 61. c5 Kxg5 62. c6+ Kf6 63. c7 Re8 64. Rb8 Re6+ 65. Kd5 Ke7 66. c8Q Rd6+ 67. Kc5 1-0

[Event "Mittelfranken-chTB2b 0910"]
[Site "Mittelfranken"]
[Date "2009.11.22"]
[Round "3.1"]
[White "Naegelein, Andreas"]
[Black "Ross, Thomas"]
[Result "1-0"]
[WhiteElo "1919"]
[BlackElo "1970"]
[PlyCount "67"]
[EventDate "2009.10.11"]
[EventType "team-tourn"]
[EventRounds "9"]
[EventCountry "GER"]
[SourceTitle "EXT 2011"]
[Source "ChessBase"]
[SourceDate "2010.11.26"]
[SourceVersion "1"]
[SourceVersionDate "2010.11.26"]
[SourceQuality "1"]
[WhiteTeam "Postbauer Heng II"]
[BlackTeam "Buechenbach/Roth II"]
[WhiteTeamCountry "GER"]
[BlackTeamCountry "GER"]

1. d4 Nf6 2. Nf3 e6 3. Bg5 Be7 4. e3 b6 5. Bd3 Bb7 6. Nbd2 c5 7. c3 Nc6 8. a3 h6 9. Bh4 Rc8 10. 0-0 d5 11. Re1 0-0 12. h3 Rc7 13. Bg3 Bd6 14. Bxd6 Qxd6 15. dxc5 Qxc5 16. Nb3 Qe7 17. a4 e5 18. Bf1 Rd8 19. a5 Ne4 20. axb6 axb6 21. Qb1 Qf6 22. Rd1 Bc8 23. Ra8 Be6 24. Rxd8+ Nxd8 25. Nbd2 Nxd2 26. Rxd2 Nb7 27. e4 Rd7 28. Qd1 dxe4 29. Rxd7 Bxd7 30. Qxd7 Nc5 31. Qe8+ Kh7 32. Nxe5 e3 33. fxe3 Ne4 34. Ng4 1-0

[Event "Regionalliga NO 0809"]
[Site "Bayern"]
[Date "2009.03.15"]
[Round "8.7"]
[White "Naegelein, Andreas"]
[Black "Kues, Manuel"]
[Result "0-1"]
[WhiteElo "1910"]
[BlackElo "1810"]
[PlyCount "60"]
[EventDate "2008.10.05"]
[EventType "team-tourn"]
[EventRounds "9"]
[EventCountry "GER"]
[SourceTitle "EXT 2020"]
[Source "ChessBase"]
[SourceDate "2019.10.17"]
[SourceVersion "1"]
[SourceVersionDate "2019.10.17"]
[SourceQuality "1"]
[WhiteTeam "Postbauer"]
[BlackTeam "Kareth Lappersdorf"]
[WhiteTeamCountry "GER"]
[BlackTeamCountry "GER"]

1. d4 Nf6 2. Nf3 g6 3. Bg5 Bg7 4. e3 d6 5. Bd3 Nbd7 6. Nbd2 e5 7. c3 0-0 8. 0-0 Qe8 9. Qc2 Nb6 10. dxe5 dxe5 11. Bxf6 Bxf6 12. Ne4 Bg7 13. Nc5 Qe7 14. b4 Nd5 15. Bc4 c6 16. Rad1 b6 17. Nb3 Be6 18. b5 Nxe3 19. fxe3 Bxc4 20. Rfe1 cxb5 21. Nbd2 Rfd8 22. Nxc4 bxc4 23. Qe4 Qc5 24. Kf2 Rac8 25. Qb7 Rd3 26. Ng5 Qc7 27. Qf3 Rcd8 28. Ne4 Qe7 29. g3 f5 30. Rxd3 Rxd3 0-1

[Event "Mittelfranken-chTB1 0809"]
[Site "Mittelfranken"]
[Date "2008.12.07"]
[Round "3.1"]
[White "Finster, Michael"]
[Black "Naegelein, Andreas"]
[Result "1-0"]
[WhiteElo "2059"]
[BlackElo "1910"]
[PlyCount "155"]
[EventDate "2008.10.12"]
[EventType "team"]
[EventRounds "9"]
[EventCountry "GER"]
[SourceTitle "EXT 2011"]
[Source "ChessBase"]
[SourceDate "2010.11.26"]
[SourceVersion "1"]
[SourceVersionDate "2010.11.26"]
[SourceQuality "1"]
[WhiteTeam "Nuernberg Sued SW II"]
[BlackTeam "Postbauer II"]
[WhiteTeamCountry "GER"]
[BlackTeamCountry "GER"]

1. d4 g6 2. c4 Bg7 3. Nc3 d6 4. e4 Nc6 5. Be3 e5 6. d5 Nce7 7. f3 f5 8. g3 Nf6 9. Be2 0-0 10. Qd2 Nh5 11. 0-0-0 f4 12. Bf2 Bh6 13. g4 Ng7 14. h4 g5 15. Nh3 Ng6 16. hxg5 Bxg5 17. Nxg5 Qxg5 18. c5 Bd7 19. Rh2 Rf7 20. Rdh1 Ne8 21. c6 bxc6 22. dxc6 Be6 23. Nd5 Nf6 24. Rh5 Nxh5 25. gxh5 Qg2 26. Qe1 Rg7 27. Rg1 Qh3 28. hxg6 hxg6 29. Rh1 Qg2 30. Rg1 Qh3 31. Qd1 Qh2 32. Qe1 Qh3 33. b3 g5 34. Rh1 Qg2 35. Rg1 Qh3 36. Nf6+ Kf7 37. Ng4 Rh7 38. Qa5 Kg6 39. Qc3 Bxg4 40. Rxg4 Qh1+ 41. Rg1 Qh2 42. Qe1 Kf6 43. Qf1 Rg8 44. Rg4 Qh1 45. Bg1 Rh4 46. Qg2 Qxg2 47. Rxg2 Rh3 48. Kd2 a5 49. Rh2 Rxh2 50. Bxh2 Rh8 51. Bg1 Rh1 52. Ba7 Ke7 53. a4 Rh2 54. Ke1 g4 55. fxg4 Rh3 56. Bc4 Rg3 57. Bf2 Rxg4 58. Ke2 Rg2 59. Kf3 Rg6 60. Be1 Kd8 61. Bxa5 Rg3+ 62. Kf2 Re3 63. Bd5 Kc8 64. Bd2 Rd3 65. Ke2 Rd4 66. Be1 Kb8 67. Bf2 Rb4 68. Kd3 Ka8 69. Kc3 Rb8 70. b4 Rh8 71. b5 Kb8 72. b6 Rh2 73. bxc7+ Kxc7 74. Ba7 Rh3+ 75. Kb4 Rh6 76. a5 f3 77. Bb6+ Kc8 78. a6 1-0

[Event "Regionalliga NO 0809"]
[Site "Bayern"]
[Date "2008.11.30"]
[Round "3.7"]
[White "Hofmann, Benjamin"]
[Black "Naegelein, Andreas"]
[Result "1/2-1/2"]
[WhiteElo "1946"]
[BlackElo "1910"]
[PlyCount "86"]
[EventDate "2008.10.05"]
[EventType "team-tourn"]
[EventRounds "9"]
[EventCountry "GER"]
[SourceTitle "EXT 2020"]
[Source "ChessBase"]
[SourceDate "2019.10.17"]
[SourceVersion "1"]
[SourceVersionDate "2019.10.17"]
[SourceQuality "1"]
[WhiteTeam "Grossenseebach"]
[BlackTeam "Postbauer"]
[WhiteTeamCountry "GER"]
[BlackTeamCountry "GER"]

1. e4 g6 2. d4 Bg7 3. f4 d5 4. e5 h5 5. Nf3 Bg4 6. Be2 e6 7. 0-0 Ne7 8. c3 Nf5 9. Ng5 Bxe2 10. Qxe2 Nd7 11. b4 a5 12. b5 c5 13. bxc6 bxc6 14. Ba3 Bf8 15. Bxf8 Kxf8 16. Nd2 Kg7 17. Rab1 Qc7 18. Ngf3 Rhb8 19. Qd3 Rxb1 20. Rxb1 Rb8 21. Rxb8 Qxb8 22. Qa6 Qb5 23. Qxb5 cxb5 24. Kf2 Nb6 25. Ke2 Ne7 26. Kd3 Nc6 27. a3 Kf8 28. Ne1 a4 29. Nc2 Ke8 30. g3 Kd7 31. h3 Na5 32. Ne3 Nb3 33. g4 hxg4 34. hxg4 Nxd2 35. Kxd2 Nc4+ 36. Nxc4 dxc4 37. Ke3 g5 38. fxg5 Ke7 39. g6 fxg6 40. g5 Kd7 41. Kf3 Kc7 42. Ke3 Kc6 43. Ke4 Kc7 1/2-1/2

[Event "Nuremberg LGA Cup 5th"]
[Site "Nuremberg"]
[Date "2008.09.07"]
[Round "7.54"]
[White "Naegelein, Andreas"]
[Black "Eibl, Maximilian"]
[Result "0-1"]
[WhiteElo "1964"]
[BlackElo "2061"]
[PlyCount "68"]
[EventDate "2008.09.04"]
[EventType "swiss"]
[EventRounds "7"]
[EventCountry "GER"]
[SourceTitle "EXT 2022"]
[Source "ChessBase"]
[SourceDate "2021.10.06"]
[SourceVersion "1"]
[SourceVersionDate "2021.10.06"]
[SourceQuality "1"]

1. d4 Nf6 2. Nf3 e6 3. Bg5 c5 4. e3 b6 5. Bd3 Bb7 6. Nbd2 Be7 7. c3 0-0 8. e4 d6 9. Qe2 h6 10. Bxf6 Bxf6 11. e5 dxe5 12. dxe5 Be7 13. Ne4 Nd7 14. 0-0-0 Qc7 15. Nd6 Nxe5 16. Qxe5 Bxd6 17. Bh7+ Kxh7 18. Rxd6 Bxf3 19. gxf3 Qe7 20. Rg1 g6 21. h4 Rad8 22. Rxd8 Rxd8 23. h5 Rd5 24. hxg6+ fxg6 25. Qe4 Qf6 26. Re1 Qg5+ 27. f4 Qf5 28. Qa4 Qd3 29. Rg1 a6 30. Qe8 Qd2+ 31. Kb1 Qd3+ 32. Kc1 Qf5 33. Qb8 Rd7 34. Re1 Qd5 0-1

[Event "Nuremberg LGA Cup 5th"]
[Site "Nuremberg"]
[Date "2008.09.06"]
[Round "5.70"]
[White "Hirneise, Lothar"]
[Black "Naegelein, Andreas"]
[Result "0-1"]
[WhiteElo "1693"]
[BlackElo "1964"]
[PlyCount "36"]
[EventDate "2008.09.04"]
[EventType "swiss"]
[EventRounds "7"]
[EventCountry "GER"]
[SourceTitle "EXT 2022"]
[Source "ChessBase"]
[SourceDate "2021.10.06"]
[SourceVersion "1"]
[SourceVersionDate "2021.10.06"]
[SourceQuality "1"]

1. d4 g6 2. c4 Bg7 3. Nc3 d6 4. Nf3 Nc6 5. e3 Bg4 6. Be2 Nf6 7. 0-0 0-0 8. Ne1 Bxe2 9. Qxe2 e5 10. d5 Ne7 11. e4 Ne8 12. Nd3 f5 13. f3 f4 14. Bd2 g5 15. g4 fxg3 16. Bxg5 gxh2+ 17. Qxh2 Nf6 18. Kf2 Ng4+ 0-1

[Event "Mittelfrankenliga-B2b 0708"]
[Site "Mittelfranken"]
[Date "2008.04.27"]
[Round "9.1"]
[White "Fink, Martin"]
[Black "Naegelein, Andreas"]
[Result "1/2-1/2"]
[WhiteElo "1911"]
[BlackElo "1949"]
[PlyCount "28"]
[EventDate "2007.10.14"]
[EventType "team-tourn"]
[EventRounds "9"]
[EventCountry "GER"]
[SourceTitle "EXT 2011"]
[Source "ChessBase"]
[SourceDate "2010.11.26"]
[SourceVersion "1"]
[SourceVersionDate "2010.11.26"]
[SourceQuality "1"]
[WhiteTeam "Heideck/Hilpoltstein"]
[BlackTeam "Postbauer II"]
[WhiteTeamCountry "GER"]
[BlackTeamCountry "GER"]

1. e4 g6 2. d4 Bg7 3. Nf3 d6 4. Bc4 Nc6 5. 0-0 Nf6 6. Nc3 0-0 7. Bg5 Bg4 8. Re1 Bxf3 9. gxf3 e5 10. dxe5 Nxe5 11. Bd5 c6 12. f4 Ned7 13. e5 cxd5 14. Nxd5 dxe5 1/2-1/2

[Event "Nuremberg LGA Cup 3rd"]
[Site "Nuremberg"]
[Date "2006.09.10"]
[Round "6.44"]
[White "Naegelein, Andreas"]
[Black "Seyb, Alexander"]
[Result "0-1"]
[WhiteElo "1956"]
[BlackElo "2095"]
[PlyCount "30"]
[EventDate "2006.09.07"]
[EventType "swiss"]
[EventRounds "7"]
[EventCountry "GER"]
[SourceTitle "EXT 2022"]
[Source "ChessBase"]
[SourceDate "2021.10.06"]
[SourceVersion "1"]
[SourceVersionDate "2021.10.06"]
[SourceQuality "1"]

1. d4 Nf6 2. c4 e6 3. Nc3 Bb4 4. Bg5 h6 5. Bh4 c5 6. Qa4 Nc6 7. 0-0-0 cxd4 8. Nb5 Bc5 9. b4 Nxb4 10. Bg3 0-0 11. Nf3 d5 12. a3 Na2+ 13. Kb2 Nc3 14. Nxc3 dxc3+ 15. Kxc3 Bd7 0-1

[Event "Nuremberg LGA Cup 3rd"]
[Site "Nuremberg"]
[Date "2006.09.10"]
[Round "7.59"]
[White "Weiss, Karl1"]
[Black "Naegelein, Andreas"]
[Result "0-1"]
[WhiteElo "1579"]
[BlackElo "1956"]
[PlyCount "62"]
[EventDate "2006.09.07"]
[EventType "swiss"]
[EventRounds "7"]
[EventCountry "GER"]
[SourceTitle "EXT 2022"]
[Source "ChessBase"]
[SourceDate "2021.10.06"]
[SourceVersion "1"]
[SourceVersionDate "2021.10.06"]
[SourceQuality "1"]

1. e4 g6 2. d4 Bg7 3. Nf3 d6 4. h3 Nc6 5. c3 e5 6. d5 Nce7 7. Bd3 f5 8. c4 Nf6 9. Nc3 b6 10. 0-0 h6 11. Re1 f4 12. Bd2 g5 13. Nh2 Qd7 14. Be2 h5 15. Qa4 Qxa4 16. Nxa4 g4 17. hxg4 hxg4 18. Nc3 Ng6 19. f3 g3 20. Ng4 Nxg4 21. fxg4 Rh2 22. c5 dxc5 23. Rad1 Nh4 24. Bf3 Bd7 25. Ne2 0-0-0 26. Nxf4 Nxf3+ 27. gxf3 exf4 28. Bxf4 Rxb2 29. Bxg3 Ba4 30. Rd3 Bb5 31. Rdd1 Be2 0-1

[Event "Nuremberg LGA Cup 3rd"]
[Site "Nuremberg"]
[Date "2006.09.09"]
[Round "5.35"]
[White "Miskevicer, Boris"]
[Black "Naegelein, Andreas"]
[Result "1/2-1/2"]
[WhiteElo "2251"]
[BlackElo "1956"]
[PlyCount "96"]
[EventDate "2006.09.07"]
[EventType "swiss"]
[EventRounds "7"]
[EventCountry "GER"]
[SourceTitle "EXT 2022"]
[Source "ChessBase"]
[SourceDate "2021.10.06"]
[SourceVersion "1"]
[SourceVersionDate "2021.10.06"]
[SourceQuality "1"]

1. d4 g6 2. e4 Bg7 3. Nf3 d6 4. Nc3 Nc6 5. Be3 e5 6. h3 a6 7. Bc4 Na5 8. Be2 Nc6 9. 0-0 f5 10. exf5 Bxf5 11. dxe5 Nxe5 12. Nd4 Ne7 13. f4 N5c6 14. Qd2 0-0 15. Bc4+ Kh8 16. g4 Bc8 17. Ne6 Bxe6 18. Bxe6 d5 19. Nxd5 Nxd5 20. Bxd5 Qh4 21. Bg2 Rad8 22. Qf2 Qxf2+ 23. Rxf2 Rfe8 24. Bc5 Bxb2 25. Rb1 Bd4 26. Bxd4+ Nxd4 27. Rxb7 Ne2+ 28. Kh2 Nc3 29. Bf3 Re7 30. a3 Nb5 31. a4 Nc3 32. a5 Nb5 33. Kg3 Nd4 34. Bg2 Ne2+ 35. Kh4 h6 36. g5 h5 37. Bf1 Nd4 38. Bd3 Kg7 39. Kg3 Rd5 40. Ra7 Rxa5 41. Rxa6 Rxa6 42. Bxa6 Re3+ 43. Kh2 h4 44. Bd3 Rg3 45. Be4 Re3 46. Bg2 Rc3 47. Be4 Re3 48. Bd3 Rg3 1/2-1/2

[Event "Nuremberg LGA Cup 3rd"]
[Site "Nuremberg"]
[Date "2006.09.08"]
[Round "2.59"]
[White "Naegelein, Andreas"]
[Black "Justi, Fabian"]
[Result "1-0"]
[WhiteElo "1956"]
[BlackElo "1549"]
[PlyCount "107"]
[EventDate "2006.09.07"]
[EventType "swiss"]
[EventRounds "7"]
[EventCountry "GER"]
[SourceTitle "EXT 2022"]
[Source "ChessBase"]
[SourceDate "2021.10.06"]
[SourceVersion "1"]
[SourceVersionDate "2021.10.06"]
[SourceQuality "1"]

1. e4 Nf6 2. Nc3 d5 3. exd5 Nxd5 4. Qf3 Nxc3 5. dxc3 Nc6 6. Bb5 Bd7 7. Bg5 h6 8. Bh4 a6 9. Ba4 Qc8 10. Ne2 e5 11. Qg3 b5 12. Bb3 Be6 13. Qf3 Qd7 14. Rd1 Bd6 15. Bxe6 fxe6 16. 0-0 Rf8 17. Qe4 Kf7 18. Nc1 Kg8 19. Nd3 Qe8 20. Bg3 Rf5 21. Kh1 g5 22. f3 Rf4 23. Bxf4 exf4 24. Rfe1 e5 25. Qd5+ Kg7 26. Nc5 Ne7 27. Qe6 Qf7 28. Qxf7+ Kxf7 29. Nd3 Kf6 30. a4 Nd5 31. axb5 axb5 32. Nxe5 Ne3 33. Ng4+ Nxg4 34. fxg4 Ra2 35. Rb1 Bc5 36. Re4 Be3 37. Rb4 Ra5 38. c4 bxc4 39. Rxc4 c5 40. Re4 Rb5 41. b3 Rb6 42. Rd1 Re6 43. Rxe6+ Kxe6 44. Rd3 Ke5 45. h4 gxh4 46. Kh2 Ke4 47. Rd6 f3 48. gxf3+ Kxf3 49. Kh3 Bg5 50. Rc6 Be3 51. Kxh4 Kf2 52. Kh5 Kg3 53. Rf6 Bf4 54. Rf5 1-0

[Event "Nuremberg LGA Cup 3rd"]
[Site "Nuremberg"]
[Date "2006.09.07"]
[Round "1.17"]
[White "Balinov, Ilia"]
[Black "Naegelein, Andreas"]
[Result "1-0"]
[WhiteElo "2454"]
[BlackElo "1956"]
[PlyCount "51"]
[EventDate "2006.09.07"]
[EventType "swiss"]
[EventRounds "7"]
[EventCountry "GER"]
[SourceTitle "CBM 114 Extra"]
[Source "ChessBase"]
[SourceDate "2006.11.03"]
[SourceVersion "1"]
[SourceVersionDate "2006.11.03"]
[SourceQuality "1"]

1. d4 g6 2. e4 Bg7 3. Nf3 d6 4. Bc4 Nf6 5. Qe2 0-0 6. e5 dxe5 7. dxe5 Nd5 8. h3 Nc6 9. 0-0 h6 10. Rd1 e6 11. Bb5 Qe8 12. c4 Nde7 13. Nc3 a6 14. Ba4 Bd7 15. b3 g5 16. Bb2 Ng6 17. Ne4 Nb8 18. Nf6+ Bxf6 19. exf6 Bxa4 20. Nxg5 Nf4 21. Qg4 Kh8 22. Qh4 h5 23. Qxf4 Rg8 24. Nxf7+ Qxf7 25. Qh6+ Qh7 26. f7+ 1-0

[Event "Mittelfrankenliga-B2b 0506"]
[Site "Germany"]
[Date "2005.11.20"]
[Round "2.2"]
[White "Kiefer, Johannes"]
[Black "Naegelein, Andreas"]
[Result "0-1"]
[WhiteElo "1753"]
[BlackElo "1820"]
[PlyCount "68"]
[EventDate "2005.10.16"]
[EventType "team-tourn"]
[EventRounds "9"]
[EventCountry "GER"]
[SourceTitle "EXT 2007"]
[Source "ChessBase"]
[SourceDate "2006.11.23"]
[SourceVersion "1"]
[SourceVersionDate "2006.11.23"]
[SourceQuality "1"]

1. e4 e5 2. c4 Nf6 3. Nc3 Bc5 4. h3 0-0 5. g3 d6 6. Bg2 c6 7. Nge2 Be6 8. d3 a6 9. a4 Qa5 10. Bd2 Bb4 11. 0-0 Nbd7 12. Kh2 Nc5 13. Be3 Rad8 14. Bg5 Ncd7 15. Na2 h6 16. Be3 d5 17. Nxb4 Qxb4 18. Bd2 Qb6 19. a5 Qa7 20. cxd5 cxd5 21. Bb4 Rfe8 22. f4 dxe4 23. f5 Bd5 24. Nc3 Nc5 25. Bxc5 Qxc5 26. Ra4 exd3 27. Nxd5 Nxd5 28. Rg4 Nf6 29. Rh4 e4 30. Qa4 Qc2 31. Qa1 d2 32. b4 d1Q 33. Rxd1 Rxd1 34. Qa3 Rd2 0-1

[Event "Mittelfrankenliga-B2b 0506"]
[Site "Germany"]
[Date "2005.10.16"]
[Round "1.2"]
[White "Naegelein, Andreas"]
[Black "Lutz, Thomas"]
[Result "0-1"]
[WhiteElo "1820"]
[BlackElo "1975"]
[PlyCount "60"]
[EventDate "2005.10.16"]
[EventType "team-tourn"]
[EventRounds "9"]
[EventCountry "GER"]
[SourceTitle "EXT 2007"]
[Source "ChessBase"]
[SourceDate "2006.11.23"]
[SourceVersion "1"]
[SourceVersionDate "2006.11.23"]
[SourceQuality "1"]

1. d4 Nf6 2. c4 e6 3. Nc3 Bb4 4. Bd2 b6 5. Nf3 Bb7 6. e3 0-0 7. Bd3 Bxc3 8. Bxc3 Ne4 9. Qc2 f5 10. 0-0-0 a5 11. Rhg1 Na6 12. Rdf1 Nb4 13. Qb1 Qe7 14. Be1 d5 15. Bxb4 axb4 16. Ne5 c5 17. f3 Nd6 18. b3 dxc4 19. Nxc4 Nb5 20. Qa1 Nc3 21. a4 b5 22. Nb2 Bd5 23. Kc2 Rfc8 24. dxc5 Qxc5 25. Kd2 Bxb3 26. g4 Nd5 27. Re1 f4 28. exf4 Qc3+ 29. Ke2 Nxf4+ 30. Ke3 e5 0-1